Vertical turbulent buoyant jests (Record no. 17507)

000 -LEADER
fixed length control field 00575nam a22002177a 4500
001 - CONTROL NUMBER
control field 17507
003 - CONTROL NUMBER IDENTIFIER
control field BD-DhUET
008 - FIXED-LENGTH DATA ELEMENTS--GENERAL INFORMATION
fixed length control field 150324b xxu||||| |||| 00| 0 eng d
040 ## - CATALOGING SOURCE
Transcribing agency 0
Modifying agency BD-DhUET
082 ## - DEWEY DECIMAL CLASSIFICATION NUMBER
Classification number 532
Item number CHE/1980
100 ## - MAIN ENTRY--PERSONAL NAME
Personal name Chen, Ching Jen
245 ## - TITLE STATEMENT
Title Vertical turbulent buoyant jests
Remainder of title a review of experimental data
250 ## - EDITION STATEMENT
Edition statement 1st ed.
260 ## - PUBLICATION, DISTRIBUTION, ETC. (IMPRINT)
Place of publication, distribution, etc. Oxdord
Name of publisher, distributor, etc. Pergamon Press
Date of publication, distribution, etc. 1980
300 ## - PHYSICAL DESCRIPTION
Extent xi, 83p.
Other physical details ill.
500 ## - GENERAL NOTE
General note Vol. 4
504 ## - BIBLIOGRAPHY, ETC. NOTE
Bibliography, etc Includes bibliographies
650 #0 - SUBJECT ADDED ENTRY--TOPICAL TERM
Topical term or geographic name as entry element Dynamics : Fluids : Physics
700 ## - ADDED ENTRY--PERSONAL NAME
Personal name Rodi, Wolfgang
942 ## - ADDED ENTRY ELEMENTS (KOHA)
Koha item type General Book
Holdings
Koha normalized classification for sorting Koha date last seen Copy number Not for loan Koha full call number Piece designation (barcode) Lost status Price effective from Withdrawn status Koha item type Source of classification or shelving scheme Damaged status Location (home branch) Shelving location Sublocation or collection (holding branch) Date acquired
532_000000000000000_CHE_19802015-03-241 532/CHE/198062871 2015-03-24 General Book  Central Library, BUETCirculation sectionCentral Library, BUET2015-03-24